Escuela Social de Barcelona : plan de estudios, profesorado y extracto de las disposiciones legales plan de estudios, profesorado y extracto de las disposiciones legales
Descripción Física:
[12] p. ; 15 cm
Materias:
Escola Social de Barcelona
MARC
| LEADER | 00000nam a2200000Ia 4500 | ||
|---|---|---|---|
| 001 | 23346 | ||
| 003 | BGR | ||
| 005 | 20260410113712.0 | ||
| 008 | 160829s1955 xx 000 0 cat d | ||
| 080 | |a FU-59-105 | ||
| 245 | |a Escuela Social de Barcelona : |b plan de estudios, profesorado y extracto de las disposiciones legales | ||
| 260 | |a Barcelona : |b [s.n.], |c 1955 | ||
| 300 | |a [12] p. ; |c 15 cm | ||
| 590 | |a Abans del títol: Ministerio de Trabajo. | ||
| 590 | |a Prové de R-487, exp. 72 | ||
| 610 | 1 | 0 | |a Escola Social de Barcelona |9 70799 |
| 710 | 1 | |a Escola Social de Barcelona |9 70799 | |
| 710 | 1 | |a Espanya |b Gobierno |b Ministerio de Trabajo |9 58561 | |
| 856 | 4 | |u https://media.diba.cat/diba/fitxers/arxiu/fulletons/bib_23346_baixa.pdf |y Accés lliure | |
| 856 | 4 | |u https://media.diba.cat/diba/fitxers/arxiu/fulletons/bib_23346_baixa.pdf |y Accés lliure | |
| 900 | |a bib_23346_baixa.pdf | ||
| 901 | |a Arxiu | ||
| 942 | |n 1 |2 udc |c MON | ||
| 952 | |0 0 |1 0 |4 0 |6 FU59105 |7 1 |9 54779 |a Arxiu |b Arxiu |d 2012-01-03 |l 0 |o FU-59-105 |p 23346 |r 2016-12-01 00:00:00 |w 2016-12-01 |y ARXIU | ||
| 999 | |c 58648 |d 58648 | ||